[Event "Sant Andreu Tram-A"]
[Site "Barcelona"]
[Date "2019.10.26"]
[Round "6"]
[White "Liarte Genoves, Sergi"]
[Black "Dougas Chavarria, Nestor"]
[Result "1/2-1/2"]
[WhiteElo "1992"]
[BlackElo "1943"]
[PlyCount "81"]
[EventDate "2019.09.14"]
[EventType "tourn"]
[EventRounds "9"]
[EventCountry "ESP"]
[SourceTitle "CBM 195 Extra"]
[Source "ChessBase"]
[SourceDate "2020.05.31"]
[SourceVersion "1"]
[SourceVersionDate "2020.05.31"]
[SourceQuality "1"]

1. e4 e6 2. Nc3 d5 3. d4 Nf6 4. e5 Nfd7 5. Nf3 a6 6. Bd3 c5 7. dxc5 Nxc5 8. 0-0 Nxd3 9. Qxd3 Be7 10. Ne2 Nc6 11. c4 Nb4 12. Qc3 dxc4 13. Qxc4 0-0 14. Qg4 Kh8 15. Ng5 h6 16. Ne4 Nd3 17. Qh5 Nxc1 18. Raxc1 Bd7 19. Rfd1 Rc8 20. Nf6 Rxc1 21. Nxc1 Bxf6 22. exf6 Qc7 23. fxg7+ Kxg7 24. Qg4+ Kh7 25. Qe4+ f5 26. Qe3 Rg8 27. Ne2 Bc6 28. f3 Qg7 29. g3 e5 30. Qc3 Qg5 31. Kf2 Qh5 32. h4 e4 33. Nd4 Qg6 34. Rg1 f4 35. g4 e3+ 36. Ke2 Rd8 37. Rd1 Qf6 38. Nxc6 Qxc3 39. bxc3 Rxd1 40. Kxd1 bxc6 41. Ke2 1/2-1/2

[Event "Sant Andreu Tram-A"]
[Site "Barcelona"]
[Date "2019.09.21"]
[Round "2"]
[White "Romero Moreno, Felix"]
[Black "Dougas Chavarria, Nestor"]
[Result "0-1"]
[WhiteElo "1914"]
[BlackElo "1943"]
[PlyCount "62"]
[EventDate "2019.09.14"]
[EventType "tourn"]
[EventRounds "9"]
[EventCountry "ESP"]
[SourceTitle "CBM 195 Extra"]
[Source "ChessBase"]
[SourceDate "2020.05.31"]
[SourceVersion "1"]
[SourceVersionDate "2020.05.31"]
[SourceQuality "1"]

1. d4 Nf6 2. Nf3 c5 3. d5 g6 4. c4 Bg7 5. Nc3 d6 6. h3 0-0 7. Bg5 e6 8. e3 exd5 9. cxd5 a6 10. a4 Qc7 11. Be2 Nbd7 12. 0-0 Rb8 13. Nd2 Re8 14. e4 b5 15. axb5 axb5 16. Nxb5 Qb6 17. Bf4 Nxe4 18. Nc4 Qxb5 19. Nxd6 Qxb2 20. Nxe4 Qxa1 21. Qxa1 Bxa1 22. Bxb8 Rxe4 23. Bf3 Rb4 24. Bc7 Bd4 25. Re1 Bb7 26. Re8+ Kg7 27. Rd8 Nf6 28. Bd6 h6 29. Bf8+ Kh7 30. d6 Rb1+ 31. Kh2 Be5+ 0-1

[Event "Sant Adria op 14th"]
[Site "Sant Adria de Besos"]
[Date "2018.04.29"]
[Round "2.10"]
[White "Reyes Marin, Raul"]
[Black "Dougas Chavarria, Nestor"]
[Result "1/2-1/2"]
[WhiteElo "1962"]
[BlackElo "2102"]
[PlyCount "49"]
[EventDate "2018.04.15"]
[EventType "swiss"]
[EventRounds "9"]
[EventCountry "ESP"]
[SourceTitle "EXT 2024"]
[Source "ChessBase"]
[SourceDate "2023.10.10"]
[SourceVersion "1"]
[SourceVersionDate "2023.10.10"]
[SourceQuality "1"]

1. e4 c5 2. c3 d5 3. exd5 Qxd5 4. d4 g6 5. Nf3 Bg7 6. Na3 cxd4 7. cxd4 Nf6 8. h3 0-0 9. Be2 Nc6 10. 0-0 Rd8 11. Bc4 Qd7 12. Be3 Nd5 13. Nb1 Nb6 14. Bb5 a6 15. Bxc6 Qxc6 16. Nc3 Nc4 17. d5 Nxe3 18. dxc6 Nxd1 19. Raxd1 Rxd1 20. Rxd1 bxc6 21. Rd8+ Bf8 22. Ne1 Bb7 23. Rd7 Rb8 24. Rc7 Ba8 25. Nd3 1/2-1/2

[Event "Barcelona Sant Marti op-A 19th"]
[Site "Barcelona"]
[Date "2017.07.21"]
[Round "9.59"]
[White "Dougas Chavarria, Nestor"]
[Black "Alcala Valiente, Juan Carlos"]
[Result "1-0"]
[WhiteElo "1871"]
[BlackElo "1987"]
[PlyCount "91"]
[EventDate "2017.07.13"]
[EventType "swiss"]
[EventRounds "9"]
[EventCountry "ESP"]
[SourceTitle "EXT 2018"]
[Source "ChessBase"]
[SourceDate "2017.10.13"]
[SourceVersion "1"]
[SourceVersionDate "2017.10.13"]
[SourceQuality "1"]

1. e4 c5 2. g3 Nc6 3. Bg2 g6 4. Ne2 Bg7 5. c3 e5 6. d3 Nge7 7. 0-0 d5 8. Qc2 0-0 9. f4 Be6 10. Be3 d4 11. Bf2 c4 12. Rd1 Rc8 13. dxc4 Bxc4 14. cxd4 Bxe2 15. Qxe2 Nxd4 16. Bxd4 exd4 17. Na3 Qb6 18. Qb5 Qxb5 19. Nxb5 Rc2 20. Nxd4 Bxd4+ 21. Rxd4 Rxb2 22. Rd7 Nc6 23. e5 Rc8 24. Rc1 Kg7 25. Bd5 Nxe5 26. Rxc8 Nxd7 27. Rc7 Nb6 28. Rxf7+ Kh6 29. Rxb7 Rd2 30. Bb3 Rd7 31. Rxd7 Nxd7 32. Kf2 Nf6 33. Kf3 Kg7 34. g4 h6 35. g5 Ne8 36. Ke4 Nd6+ 37. Kd5 Nf5 38. Kc6 Nd4+ 39. Kb7 Ne2 40. gxh6+ Kxh6 41. Kxa7 Nc3 42. a4 Nxa4 43. Bxa4 Kg7 44. Bc2 Kf6 45. Bxg6 Kxg6 46. h4 1-0

[Event "Sant Adria de Besos op 13th"]
[Site "Sant Adria de Besos"]
[Date "2017.05.28"]
[Round "6"]
[White "Guerra Blanco, Antonio"]
[Black "Dougas Chavarria, Nestor"]
[Result "1/2-1/2"]
[WhiteElo "1833"]
[BlackElo "2069"]
[PlyCount "77"]
[EventDate "2017.04.23"]
[EventType "swiss"]
[EventRounds "9"]
[EventCountry "ESP"]
[SourceTitle "EXT 2018"]
[Source "ChessBase"]
[SourceDate "2017.10.13"]
[SourceVersion "1"]
[SourceVersionDate "2017.10.13"]
[SourceQuality "1"]

1. e4 c5 2. Nf3 d6 3. d4 cxd4 4. Nxd4 Nf6 5. Nc3 a6 6. Be2 e5 7. Nb3 b5 8. Bg5 Be7 9. 0-0 0-0 10. Kh1 Bb7 11. f3 Nbd7 12. a3 Nb6 13. Na5 Rb8 14. Nxb7 Rxb7 15. Bxf6 Bxf6 16. Nd5 Nxd5 17. Qxd5 Rc7 18. c3 Rc5 19. Qb7 Qc8 20. Qxc8 Rfxc8 21. Rfd1 Be7 22. Kg1 g6 23. h3 f5 24. Bd3 f4 25. Bc2 a5 26. Bb3+ Kf8 27. Rd5 Rxd5 28. Bxd5 Bd8 29. Rd1 Ke7 30. Kf1 b4 31. axb4 axb4 32. c4 Bb6 33. Ra1 Bd4 34. Ra4 Rb8 35. b3 h5 36. Ra8 Rxa8 37. Bxa8 Kf6 38. Bc6 Kg5 39. Be8 1/2-1/2

[Event "Sant Adria de Besos op 12th"]
[Site "Sant Adria de Besos"]
[Date "2016.06.05"]
[Round "7"]
[White "Dougas Chavarria, Nestor"]
[Black "Ramirez Garcia, Jorge Alberto"]
[Result "0-1"]
[WhiteElo "2025"]
[BlackElo "2326"]
[PlyCount "66"]
[EventDate "2016.04.10"]
[EventType "swiss"]
[EventRounds "9"]
[EventCountry "ESP"]
[SourceTitle "EXT 2017"]
[Source "ChessBase"]
[SourceDate "2016.10.25"]
[SourceVersion "1"]
[SourceVersionDate "2016.10.25"]
[SourceQuality "1"]

1. e4 e6 2. d4 d5 3. Nd2 c5 4. exd5 exd5 5. Ngf3 Nc6 6. Be2 b6 7. 0-0 Bd6 8. Re1 Nge7 9. dxc5 bxc5 10. c3 0-0 11. Nb3 Rb8 12. Bf1 Bg4 13. h3 Bh5 14. g3 c4 15. g4 Bxg4 16. hxg4 cxb3 17. axb3 Qd7 18. g5 Ng6 19. Nd4 Nh4 20. Nxc6 Qxc6 21. Qg4 Ng6 22. Rxa7 Bc5 23. Qd7 Qb6 24. Ra6 Bxf2+ 25. Kg2 Nh4+ 26. Kh3 Qxb3 27. Re2 Bc5 28. Rd2 Nf3 29. Rxd5 Qc2 30. Bf4 Qf2 31. Bxb8 Ng1+ 32. Kg4 Qf3+ 33. Kh4 Bf2+ 0-1

[Event "Sant Adria de Besos op 12th"]
[Site "Sant Adria de Besos"]
[Date "2016.05.22"]
[Round "5"]
[White "Dougas Chavarria, Nestor"]
[Black "Vargas Drechsler, Carlos"]
[Result "1-0"]
[WhiteElo "2025"]
[BlackElo "2110"]
[PlyCount "105"]
[EventDate "2016.04.10"]
[EventType "swiss"]
[EventRounds "9"]
[EventCountry "ESP"]
[SourceTitle "EXT 2017"]
[Source "ChessBase"]
[SourceDate "2016.10.25"]
[SourceVersion "1"]
[SourceVersionDate "2016.10.25"]
[SourceQuality "1"]

1. e4 e5 2. Nf3 Nc6 3. d4 exd4 4. Nxd4 Bc5 5. Nb3 Bb6 6. Nc3 Qf6 7. Qe2 Nge7 8. h4 a5 9. Bg5 Qe6 10. g3 f6 11. Bh3 Qf7 12. Bf4 a4 13. Nd2 Nd4 14. Qd3 d5 15. Bg2 dxe4 16. Ndxe4 a3 17. b3 Bf5 18. Bxc7 Bxc7 19. Qxd4 0-0 20. 0-0 Be5 21. Qe3 Rfc8 22. Rad1 Bxe4 23. Nxe4 Rxc2 24. Rd2 Nf5 25. Qd3 Rxd2 26. Nxd2 Ne7 27. Bxb7 Rf8 28. Nc4 Kh8 29. Re1 Ng6 30. Bg2 Qa7 31. Be4 Bd4 32. Qf3 Qe7 33. Re2 Ne5 34. Nxe5 fxe5 35. Qh5 g6 36. Qh6 Qf6 37. Qd2 Qe6 38. Kg2 Qf6 39. Qg5 Qb6 40. f3 Qa6 41. Rc2 Qf6 42. Qxf6+ Rxf6 43. Rc8+ Kg7 44. Ra8 Bb2 45. Ra5 Rd6 46. Bd5 Kf6 47. Kf2 h6 48. Ke3 g5 49. h5 Bc1+ 50. Ke4 Bb2 51. Ra7 g4 52. Rf7+ Kg5 53. Rf5# 1-0

[Event "Barcelona Sant Marti op-A 17th"]
[Site "Barcelona"]
[Date "2015.07.19"]
[Round "7"]
[White "Dougas Chavarria, Nestor"]
[Black "Dahale, Atul"]
[Result "0-1"]
[WhiteElo "1809"]
[BlackElo "1969"]
[PlyCount "44"]
[EventDate "2015.07.13"]
[EventType "swiss"]
[EventRounds "9"]
[EventCountry "ESP"]
[SourceTitle "CBM 167 Extra"]
[Source "ChessBase"]
[SourceDate "2015.09.14"]
[SourceVersion "1"]
[SourceVersionDate "2015.09.14"]
[SourceQuality "1"]

1. e4 c5 2. g3 g6 3. Bg2 Bg7 4. Ne2 Nc6 5. c3 e5 6. d3 Nge7 7. 0-0 0-0 8. Be3 b6 9. Qd2 d5 10. exd5 Nxd5 11. Bg5 f6 12. Bh6 Ba6 13. Bxg7 Kxg7 14. Rd1 Qd7 15. Na3 Rad8 16. Nc2 Rfe8 17. Bf1 Nc7 18. d4 exd4 19. cxd4 Ne6 20. d5 Ne5 21. Qe3 Ng5 22. Qa3 Nef3+ 0-1

[Event "Barcelona Sant Marti op-A 17th"]
[Site "Barcelona"]
[Date "2015.07.16"]
[Round "4"]
[White "Dougas Chavarria, Nestor"]
[Black "Lopez Perdomo, Juan David"]
[Result "0-1"]
[WhiteElo "1809"]
[BlackElo "2056"]
[PlyCount "86"]
[EventDate "2015.07.13"]
[EventType "swiss"]
[EventRounds "9"]
[EventCountry "ESP"]
[SourceTitle "CBM 167 Extra"]
[Source "ChessBase"]
[SourceDate "2015.09.14"]
[SourceVersion "1"]
[SourceVersionDate "2015.09.14"]
[SourceQuality "1"]

1. e4 c5 2. Nf3 d6 3. d4 cxd4 4. Nxd4 Nf6 5. Nc3 a6 6. Be3 e5 7. Nb3 Be6 8. f3 h6 9. Qd2 Qc7 10. 0-0-0 Nbd7 11. Kb1 b5 12. h4 Nb6 13. g4 Nc4 14. Bxc4 bxc4 15. Nc1 Rb8 16. g5 Qb7 17. b3 hxg5 18. hxg5 Rxh1 19. Rxh1 Nd7 20. Nd5 Bxd5 21. exd5 g6 22. f4 Bg7 23. f5 gxf5 24. Rh7 Kf8 25. g6 f4 26. Qh2 fxe3 27. Rxg7 Kxg7 28. Qh7+ Kf6 29. g7 Qc8 30. Ne2 Ke7 31. Ng3 Nf6 32. Nf5+ Kd7 33. Qh6 e2 34. Qe3 Kc7 35. Qxe2 Qxf5 36. Qxc4+ Kd7 37. Qc6+ Ke7 38. Qc7+ Nd7 39. Qxb8 Nxb8 40. g8Q Nd7 41. Qc8 Qf1+ 42. Kb2 e4 43. Qc3 Qf6 0-1

[Event "Barcelona Sant Marti op-A 17th"]
[Site "Barcelona"]
[Date "2015.07.13"]
[Round "1"]
[White "Ivana Maria, Furtado"]
[Black "Dougas Chavarria, Nestor"]
[Result "1-0"]
[WhiteElo "2236"]
[BlackElo "1809"]
[PlyCount "101"]
[EventDate "2015.07.13"]
[EventType "swiss"]
[EventRounds "9"]
[EventCountry "ESP"]
[SourceTitle "CBM 167 Extra"]
[Source "ChessBase"]
[SourceDate "2015.09.14"]
[SourceVersion "1"]
[SourceVersionDate "2015.09.14"]
[SourceQuality "1"]

1. d4 d5 2. Nf3 Nf6 3. c4 c6 4. Nc3 e6 5. e3 Nbd7 6. Qc2 a6 7. b3 Be7 8. Bb2 0-0 9. Bd3 Re8 10. 0-0 h6 11. c5 Bf8 12. b4 e5 13. dxe5 Nxe5 14. Nxe5 Rxe5 15. Na4 Re8 16. Nb6 Rb8 17. f4 Nd7 18. Nxc8 Rxc8 19. e4 dxe4 20. Bxe4 Nf6 21. Bf5 Ra8 22. Be5 Nd5 23. Qb3 Be7 24. Be4 Bf6 25. Bxd5 Qxd5 26. Qxd5 cxd5 27. Bxf6 gxf6 28. Rad1 Re4 29. a3 d4 30. f5 Rd8 31. Rd3 Rd5 32. Rfd1 Rxf5 33. Rxd4 Re2 34. R4d2 Re3 35. Rd3 Re2 36. Rf1 Rg5 37. Rg3 Ra2 38. Rxf6 Rxg3 39. hxg3 a5 40. Rf3 axb4 41. axb4 Rb2 42. Rf4 Kg7 43. Rd4 Kg6 44. Rd6+ Kg5 45. Rb6 Kg4 46. Kh2 Kf5 47. Rxb7 Ke6 48. b5 Kd5 49. c6 Kd6 50. Rd7+ Ke6 51. Rd8 1-0

[Event "Barcelona Sant Marti op-B 16th"]
[Site "Barcelona"]
[Date "2014.07.14"]
[Round "2"]
[White "Dougas Chavarria, Nestor"]
[Black "Tortosa Moros, Joan"]
[Result "1-0"]
[WhiteElo "2050"]
[BlackElo "1941"]
[PlyCount "67"]
[EventDate "2014.07.13"]
[EventType "swiss"]
[EventRounds "9"]
[EventCountry "ESP"]
[SourceTitle "CBM 161 Extra"]
[Source "ChessBase"]
[SourceDate "2014.08.29"]
[SourceVersion "1"]
[SourceVersionDate "2014.08.29"]
[SourceQuality "1"]

1. d4 Nf6 2. Bg5 e6 3. e4 Be7 4. Nc3 Nd5 5. Bxe7 Nxe7 6. Bd3 b6 7. Qe2 Bb7 8. f4 Ng6 9. g3 f5 10. exf5 Bxh1 11. fxg6 h6 12. 0-0-0 0-0 13. Nh3 Bb7 14. Qh5 Ba6 15. Be4 c6 16. d5 exd5 17. Nxd5 Bb7 18. Nc3 Na6 19. Ng5 Qe7 20. Nf7 Qc5 21. f5 d5 22. Bd3 Qe3+ 23. Kb1 Nb4 24. f6 Nxd3 25. Rxd3 Qe1+ 26. Rd1 Qe3 27. fxg7 Rxf7 28. gxf7+ Kxg7 29. Rf1 Qg5 30. Qf3 Rf8 31. Ne2 Qg6 32. Nf4 Qe4 33. Qxe4 dxe4 34. Ne6+ 1-0

[Event "Sant Adria de Besos op 10th"]
[Site "Sant Adria de Besos"]
[Date "2014.06.08"]
[Round "6"]
[White "Dougas Chavarria, Nestor"]
[Black "Arroyo Vega, Valenti"]
[Result "1/2-1/2"]
[WhiteElo "1768"]
[BlackElo "1881"]
[PlyCount "158"]
[EventDate "2014.05.04"]
[EventType "swiss"]
[EventRounds "8"]
[EventCountry "ESP"]
[SourceTitle "EXT 2015"]
[Source "ChessBase"]
[SourceDate "2014.11.20"]
[SourceVersion "1"]
[SourceVersionDate "2014.11.20"]
[SourceQuality "1"]

1. e4 c5 2. Nf3 d6 3. d4 cxd4 4. Nxd4 Nf6 5. Nc3 a6 6. f3 e5 7. Nb3 Be7 8. Be3 Be6 9. Qd2 d5 10. exd5 Nxd5 11. Nxd5 Qxd5 12. 0-0-0 Qxd2+ 13. Rxd2 Nd7 14. Be2 Rc8 15. Rhd1 Rc7 16. f4 Bb4 17. c3 Bxc3 18. bxc3 Rxc3+ 19. Rc2 Rxe3 20. Rc8+ Ke7 21. Rxh8 Rxe2 22. Rd2 Rxd2 23. Kxd2 h6 24. fxe5 Nxe5 25. Rb8 Bd5 26. Nc5 Nc4+ 27. Kc3 Nd6 28. g3 Ne4+ 29. Kd4 Nf6 30. a4 Bc6 31. Nxb7 Bxa4 32. Nc5 Bb5 33. Rb7+ Kd8 34. Ra7 Nd7 35. Nxa6 Bxa6 36. Rxa6 Ke7 37. h4 h5 38. Ke3 g6 39. Kf4 Nf6 40. Ra3 Ng4 41. Kg5 Kf8 42. Kf4 Kg7 43. Ke4 Kf6 44. Ra6+ Kg7 45. Kd5 Nf6+ 46. Ke5 Ng4+ 47. Kd6 Kf8 48. Ra8+ Kg7 49. Ke7 Nh6 50. Ra3 Ng8+ 51. Kd6 Nh6 52. Rf3 Kf8 53. Ke5 Ng4+ 54. Kf4 Kg7 55. Ra3 Nf6 56. Ra6 Ng4 57. Kg5 Ne5 58. Ra7 Ng4 59. Re7 Kf8 60. Re4 Kg7 61. Kf4 Nf6 62. Ra4 Ng4 63. Ke4 Kf6 64. Kd5 Ne3+ 65. Kc6 Ng4 66. Kd7 Kg7 67. Ke8 Nf6+ 68. Kd8 Ng4 69. Rf4 Kf8 70. Re4 Nf6 71. Re7 Kg7 72. Ra7 Kf8 73. Ra6 Ng4 74. Kd7 Ne5+ 75. Kd6 Ng4 76. Ra8+ Kg7 77. Ke7 Nh6 78. Rf8 Ng8+ 79. Ke8 Nf6+ 1/2-1/2

[Event "Sant Adria de Besos op 10th"]
[Site "Sant Adria de Besos"]
[Date "2014.05.18"]
[Round "3"]
[White "Vazquez Gamero, Miguel"]
[Black "Dougas Chavarria, Nestor"]
[Result "1-0"]
[WhiteElo "2078"]
[BlackElo "1768"]
[PlyCount "69"]
[EventDate "2014.05.04"]
[EventType "swiss"]
[EventRounds "8"]
[EventCountry "ESP"]
[SourceTitle "EXT 2015"]
[Source "ChessBase"]
[SourceDate "2014.11.20"]
[SourceVersion "1"]
[SourceVersionDate "2014.11.20"]
[SourceQuality "1"]

1. e4 c5 2. Nf3 d6 3. d4 cxd4 4. Nxd4 Nf6 5. Bb5+ Nbd7 6. 0-0 a6 7. Bxd7+ Bxd7 8. Re1 g6 9. Nc3 Bg7 10. Bg5 0-0 11. Qd2 Qb6 12. Rad1 Rac8 13. Bxf6 Bxf6 14. Nd5 Qxd4 15. Nxe7+ Kg7 16. Qxd4 Bxd4 17. Nxc8 Rxc8 18. Rxd4 Rxc2 19. Rb1 Be6 20. a3 Ba2 21. Rbd1 Rxb2 22. R4d2 Rxd2 23. Rxd2 Bc4 24. Rxd6 Bb5 25. f4 f6 26. Kf2 Kf7 27. g3 Bc6 28. Ke3 Ke7 29. Rd2 Ke6 30. Rd8 Ke7 31. Rh8 h5 32. Kd4 Ke6 33. Rh6 Kf7 34. f5 gxf5 35. exf5 1-0

[Event "Sant Adria de Besos op 10th"]
[Site "Sant Adria de Besos"]
[Date "2014.05.11"]
[Round "2"]
[White "Molinero Martin, Joan"]
[Black "Dougas Chavarria, Nestor"]
[Result "1/2-1/2"]
[WhiteElo "2043"]
[BlackElo "1768"]
[PlyCount "41"]
[EventDate "2014.05.04"]
[EventType "swiss"]
[EventRounds "8"]
[EventCountry "ESP"]
[SourceTitle "EXT 2015"]
[Source "ChessBase"]
[SourceDate "2014.11.20"]
[SourceVersion "1"]
[SourceVersionDate "2014.11.20"]
[SourceQuality "1"]

1. e4 c5 2. c3 d5 3. e5 Nc6 4. f4 Bf5 5. d3 e6 6. Nf3 b5 7. Be2 Qb6 8. 0-0 c4+ 9. Kh1 h5 10. a4 bxa4 11. Nh4 Nh6 12. Nxf5 Nxf5 13. d4 Qb3 14. Rxa4 Qxd1 15. Bxd1 Rb8 16. Bc2 g6 17. Bxf5 gxf5 18. Nd2 Kd7 19. Nf3 Be7 20. h4 Rhc8 21. Kh2 1/2-1/2

[Event "Catalunya-chT"]
[Site "Catalunya"]
[Date "2014.03.01"]
[Round "6.2"]
[White "Dougas Chavarria, Nestor"]
[Black "Diaz Camallonga, Carles"]
[Result "0-1"]
[WhiteElo "1796"]
[BlackElo "2235"]
[PlyCount "78"]
[EventDate "2014.01.25"]
[EventType "team"]
[EventRounds "11"]
[EventCountry "ESP"]
[SourceTitle "EXT 2015"]
[Source "ChessBase"]
[SourceDate "2014.11.20"]
[SourceVersion "1"]
[SourceVersionDate "2014.11.20"]
[SourceQuality "1"]
[WhiteTeam "Sant Andreu"]
[BlackTeam "Colon Sabadell"]
[WhiteTeamCountry "ESP"]
[BlackTeamCountry "ESP"]

1. e4 e6 2. d4 d5 3. Nd2 c5 4. exd5 Qxd5 5. Ngf3 cxd4 6. Bc4 Qd6 7. 0-0 Nf6 8. Nb3 Nc6 9. Nbxd4 Nxd4 10. Qxd4 Qxd4 11. Nxd4 Bd7 12. Re1 Rc8 13. Bd3 Bc5 14. Nb3 Bb6 15. h3 0-0 16. Bg5 Bc6 17. Rad1 Rfd8 18. c3 a5 19. Bc2 Bd5 20. a3 h6 21. Be3 Bxe3 22. Rxe3 b6 23. Red3 Kf8 24. Nd4 Ke7 25. Ba4 g6 26. f3 Ba8 27. Kf2 g5 28. Nc2 Rxd3 29. Rxd3 h5 30. Ne3 Bc6 31. Bxc6 Rxc6 32. Rd4 Nd7 33. Nc4 f6 34. Ne3 Ne5 35. g3 Ng6 36. f4 Rc5 37. Nc4 Rc6 38. fxg5 fxg5 39. Kf3 Rxc4 0-1

[Event "Sant Adria de Besos op 09th"]
[Site "Sant Adria de Besos"]
[Date "2013.05.05"]
[Round "4"]
[White "Dougas Chavarria, Nestor"]
[Black "Ribera Sellares, Pere"]
[Result "0-1"]
[WhiteElo "1735"]
[BlackElo "2190"]
[PlyCount "36"]
[EventDate "2013.04.14"]
[EventType "swiss"]
[EventRounds "9"]
[EventCountry "ESP"]
[SourceTitle "EXT 2015"]
[Source "ChessBase"]
[SourceDate "2014.11.20"]
[SourceVersion "1"]
[SourceVersionDate "2014.11.20"]
[SourceQuality "1"]

1. e4 c5 2. Nf3 Nc6 3. d4 cxd4 4. Nxd4 e5 5. Nb5 a6 6. Nd6+ Bxd6 7. Qxd6 Qf6 8. Qd1 Qg6 9. Nc3 d5 10. Qxd5 Be6 11. Qc5 Nd4 12. Bd3 Qxg2 13. Rf1 Nf3+ 14. Kd1 Nf6 15. Be3 Rd8 16. Ke2 Nxh2 17. Rg1 Bg4+ 18. Kd2 Nf3+ 0-1

[Event "Barcelona La Lira-B 15th"]
[Site "Barcelona"]
[Date "2012.07.28"]
[Round "8"]
[White "Dougas Chavarria, Nestor"]
[Black "Serrano Moron, Eloi"]
[Result "1-0"]
[WhiteElo "1633"]
[BlackElo "1596"]
[PlyCount "59"]
[EventDate "2012.07.21"]
[EventType "tourn"]
[EventRounds "9"]
[EventCountry "ESP"]
[SourceTitle "EXT 2014"]
[Source "ChessBase"]
[SourceDate "2013.11.20"]
[SourceVersion "1"]
[SourceVersionDate "2013.11.20"]
[SourceQuality "1"]

1. d4 c5 2. Nf3 Nf6 3. d5 d6 4. Nc3 Bg4 5. e4 Nbd7 6. Be3 Qa5 7. Qd2 Bxf3 8. gxf3 Ne5 9. Bb5+ Qxb5 10. Nxb5 Nxf3+ 11. Ke2 Nxd2 12. Nc7+ Kd7 13. Nxa8 Ndxe4 14. f3 Ng5 15. Bxg5 Nxd5 16. a3 Kc8 17. Rad1 Nf6 18. Be3 g6 19. b4 b6 20. bxc5 bxc5 21. Rb1 Nd5 22. Bd2 Bg7 23. Ba5 Bc3 24. Rhd1 Nf4+ 25. Ke3 Bxa5 26. Kxf4 Rd8 27. Rb5 Bc3 28. Rdb1 Be5+ 29. Ke4 Kd7 30. Rb7+ 1-0

[Event "Barcelona La Lira-B 15th"]
[Site "Barcelona"]
[Date "2012.07.24"]
[Round "4"]
[White "Dougas Chavarria, Nestor"]
[Black "Ramos Alvarez, Maximo"]
[Result "1/2-1/2"]
[WhiteElo "1633"]
[BlackElo "1870"]
[PlyCount "181"]
[EventDate "2012.07.21"]
[EventType "tourn"]
[EventRounds "9"]
[EventCountry "ESP"]
[SourceTitle "EXT 2014"]
[Source "ChessBase"]
[SourceDate "2013.11.20"]
[SourceVersion "1"]
[SourceVersionDate "2013.11.20"]
[SourceQuality "1"]

1. e4 e6 2. d4 d5 3. Nd2 Nc6 4. Ngf3 Nf6 5. e5 Ne4 6. Bd3 Ng5 7. Nxg5 Qxg5 8. Nf3 Qd8 9. 0-0 Be7 10. c3 g5 11. Qd2 h6 12. Ne1 Rg8 13. f4 g4 14. f5 Bg5 15. Qf2 Bxc1 16. Rxc1 Qg5 17. Qf4 Qxf4 18. Rxf4 Rg5 19. f6 Nd8 20. Be2 h5 21. Nd3 b6 22. b4 Ba6 23. a4 Bc4 24. Kf2 Nb7 25. Rb1 Kd8 26. h3 gxh3 27. gxh3 Kd7 28. Rg1 Rxg1 29. Kxg1 Rg8+ 30. Kf2 Rg5 31. Rh4 c5 32. Ke3 cxd4+ 33. cxd4 a6 34. Rxh5 Rg3+ 35. Kd2 Nd8 36. Rh7 Ke8 37. Rh8+ Kd7 38. h4 Nc6 39. Rf8 Nd8 40. h5 Rh3 41. Nf4 Rh2 42. Rh8 Nc6 43. Rh7 Bxe2 44. Nxe2 Nxd4 45. Rxf7+ Ke8 46. Re7+ Kf8 47. h6 Nxe2 48. h7 Nf4+ 49. Kd1 Ng6 50. Rg7 Rh1+ 51. Kd2 Rh2+ 52. Ke1 Rh1+ 53. Kf2 Rxh7 54. Rxh7 Nxe5 55. Ra7 Nd3+ 56. Ke3 Nxb4 57. Rb7 b5 58. axb5 axb5 59. Rxb5 Na6 60. Rb6 Nc7 61. Rc6 Ne8 62. Rxe6 Kf7 63. Re7+ Kf8 64. Re5 Nxf6 65. Kd4 Kf7 66. Rf5 Ke6 67. Re5+ Kd6 68. Re1 Ne4 69. Rf1 Ke6 70. Ra1 Nf6 71. Ra6+ Kf5 72. Rd6 Kg5 73. Ke5 Ng4+ 74. Kxd5 Kf5 75. Rd8 Nf6+ 76. Kd4 Ke6 77. Ra8 Kf5 78. Ra6 Nd7 79. Kd5 Nf6+ 80. Kd4 Nd7 81. Rd6 Nf6 82. Rd8 Ke6 83. Kc5 Nd7+ 84. Kc6 Ne5+ 85. Kc7 Kf6 86. Rd1 Ke6 87. Kb6 Nd7+ 88. Kc6 Ne5+ 89. Kc5 Nd7+ 90. Kc4 Ne5+ 91. Kc3 1/2-1/2

[Event "Barcelona La Lira-B 15th"]
[Site "Barcelona"]
[Date "2012.07.22"]
[Round "2"]
[White "Dougas Chavarria, Nestor"]
[Black "Jimenez Sanchez, Joan R"]
[Result "1-0"]
[WhiteElo "1633"]
[BlackElo "1827"]
[PlyCount "73"]
[EventDate "2012.07.21"]
[EventType "tourn"]
[EventRounds "9"]
[EventCountry "ESP"]
[SourceTitle "EXT 2014"]
[Source "ChessBase"]
[SourceDate "2013.11.20"]
[SourceVersion "1"]
[SourceVersionDate "2013.11.20"]
[SourceQuality "1"]

1. e4 e5 2. Nf3 Nc6 3. d4 exd4 4. Nxd4 Bc5 5. Nb3 Bb6 6. Qe2 d6 7. Nc3 Nge7 8. Be3 Be6 9. 0-0-0 0-0 10. f4 Qe8 11. f5 Bxb3 12. axb3 f6 13. h4 Bxe3+ 14. Qxe3 Nxf5 15. Bc4+ Kh8 16. Qf2 Nh6 17. Qf4 Qe5 18. Qf3 Nd4 19. Qh3 b5 20. Bd3 a5 21. g4 a4 22. bxa4 bxa4 23. g5 fxg5 24. hxg5 Qxg5+ 25. Kb1 Nf3 26. Be2 Nd2+ 27. Ka1 a3 28. b3 Qf4 29. Qd3 Nxb3+ 30. cxb3 Qe5 31. Rh5 Qe6 32. Qd4 Qxb3 33. Rb1 Qc2 34. Rxh6 a2 35. Rbh1 Rfb8 36. Rxh7+ Kg8 37. Qxg7# 1-0

[Event "Barcelona Torxa op 4th"]
[Site "Barcelona"]
[Date "2011.09.08"]
[Round "6.2"]
[White "Martinez Pla, Xavier"]
[Black "Dougas Chavarria, Nestor"]
[Result "1/2-1/2"]
[WhiteElo "1872"]
[BlackElo "1891"]
[PlyCount "70"]
[EventDate "2011.09.01"]
[EventType "swiss"]
[EventRounds "7"]
[EventCountry "ESP"]
[SourceTitle "EXT 2024"]
[Source "ChessBase"]
[SourceDate "2023.10.10"]
[SourceVersion "1"]
[SourceVersionDate "2023.10.10"]
[SourceQuality "1"]

1. e4 c5 2. Nc3 a6 3. a4 Nc6 4. Bc4 e6 5. f4 Nge7 6. Nf3 g6 7. d4 cxd4 8. Nxd4 Bg7 9. Nf3 d5 10. exd5 Bxc3+ 11. bxc3 Nxd5 12. Bxd5 Qxd5 13. Qxd5 exd5 14. Bb2 0-0 15. 0-0 Na5 16. Ba3 Re8 17. Rae1 Bd7 18. Bb4 Nc4 19. a5 Bb5 20. Rxe8+ Rxe8 21. Re1 Re3 22. Kf2 Rxe1 23. Nxe1 Kg7 24. Nd3 Ba4 25. Nc5 Bc6 26. g4 Nd6 27. Ne6+ fxe6 28. Bxd6 Ba4 29. Ke3 Bxc2 30. g5 h6 31. h4 hxg5 32. fxg5 Kf7 33. Kd4 Bd1 34. Kc5 Ke8 35. Kb6 Kd7 1/2-1/2